[Event "World Chess Olympiad 2018"]
[Site "Batumi"]
[Date "2018.09.28"]
[Round "5"]
[Board "3"]
[WhiteFideId "14003937"]
[White "Nurmamedov Azat"]
[BlackFideId "2402564"]
[Black "Sreeves Clement"]
[Result "1-0"]
[LiveChessVersion "1.4.8"]
[BlackElo "2382"]
[WhiteElo "2349"]

1. d4 {[%clk 1:30:58]} Nf6 {[%clk 1:30:45]} 2. c4 {[%clk 1:31:07]} g6
{[%clk 1:31:09]} 3. Nc3 {[%clk 1:31:11]} Bg7 {[%clk 1:30:36]} 4. e4
{[%clk 1:31:02]} d6 {[%clk 1:30:56]} 5. Nf3 {[%clk 1:31:26]} O-O {[%clk 1:31:18]}
6. Be2 {[%clk 1:31:49]} e5 {[%clk 1:31:25]} 7. O-O {[%clk 1:31:40]} Nc6
{[%clk 1:31:33]} 8. d5 {[%clk 1:30:28]} Ne7 {[%clk 1:31:53]} 9. b4
{[%clk 1:26:45]} c6 {[%clk 1:22:49]} 10. h3 {[%clk 1:09:37]} a5 {[%clk 1:19:12]}
11. bxa5 {[%clk 1:09:24]} c5 {[%clk 1:19:22]} 12. Qb3 {[%clk 1:05:16]} Ra6
{[%clk 1:17:55]} 13. Bd2 {[%clk 1:01:23]} h6 {[%clk 1:13:02]} 14. Nh2
{[%clk 0:49:50]} Nd7 {[%clk 1:06:20]} 15. Na4 {[%clk 0:49:33]} f5
{[%clk 1:05:10]} 16. f3 {[%clk 0:48:47]} Kh8 {[%clk 1:00:27]} 17. Rab1
{[%clk 0:45:20]} Ng8 {[%clk 0:49:41]} 18. Qc2 {[%clk 0:44:19]} Ngf6
{[%clk 0:48:00]} 19. g4 {[%clk 0:31:31]} Nh7 {[%clk 0:38:18]} 20. Kg2
{[%clk 0:28:06]} h5 {[%clk 0:37:41]} 21. exf5 {[%clk 0:25:34]} gxf5
{[%clk 0:37:36]} 22. Bd3 {[%clk 0:25:53]} hxg4 {[%clk 0:24:57]} 23. hxg4
{[%clk 0:25:05]} e4 {[%clk 0:21:31]} 24. fxe4 {[%clk 0:25:12]} fxg4
{[%clk 0:21:01]} 25. e5 {[%clk 0:23:56]} dxe5 {[%clk 0:14:07]} 26. Rxf8+
{[%clk 0:18:58]} Ndxf8 {[%clk 0:10:30]} 27. Rh1 {[%clk 0:19:26]} e4
{[%clk 0:05:01]} 28. Bxe4 {[%clk 0:19:40]} Qe7 {[%clk 0:05:12]} 29. Nf1
{[%clk 0:18:33]} Bf5 {[%clk 0:04:41]} 30. Ng3 {[%clk 0:18:24]} Bxe4+
{[%clk 0:04:39]} 31. Qxe4 {[%clk 0:18:49]} Qc7 {[%clk 0:02:26]} 32. Nb6
{[%clk 0:18:00]} Rxb6 {[%clk 0:02:11]} 33. axb6 {[%clk 0:18:28]} Qxb6
{[%clk 0:02:36]} 34. Qd3 {[%clk 0:18:43]} Qb2 {[%clk 0:02:42]} 35. d6
{[%clk 0:18:38]} Ng6 {[%clk 0:02:10]} 36. Ne2 {[%clk 0:17:40]} Qf6
{[%clk 0:01:22]} 37. d7 {[%clk 0:16:48]} Qf3+ {[%clk 0:00:55]} 38. Qxf3
{[%clk 0:17:17]} gxf3+ {[%clk 0:01:19]} 39. Kf2 {[%clk 0:17:44]} Bf6
{[%clk 0:01:27]} 40. Bc3 {[%clk 0:48:13]} 1-0

[Event "World Chess Olympiad 2018"]
[Site "Batumi"]
[Date "2018.09.28"]
[Round "5"]
[Board "4"]
[WhiteFideId "2403757"]
[White "Abdulla Murad"]
[BlackFideId "14001128"]
[Black "Atabayev Yusup"]
[Result "0-1"]
[LiveChessVersion "1.4.8"]
[BlackElo "2411"]
[WhiteElo "2292"]

1. Nf3 {[%clk 1:30:55]} Nf6 {[%clk 1:30:28]} 2. b3 {[%clk 1:31:02]} d5
{[%clk 1:27:37]} 3. Bb2 {[%clk 1:31:02]} Bg4 {[%clk 1:26:56]} 4. Ne5
{[%clk 1:28:29]} Bh5 {[%clk 1:25:59]} 5. g3 {[%clk 1:27:49]} Nbd7
{[%clk 1:25:06]} 6. Bg2 {[%clk 1:27:32]} e6 {[%clk 1:25:10]} 7. c4
{[%clk 1:21:59]} c6 {[%clk 1:24:20]} 8. O-O {[%clk 1:20:49]} Nxe5
{[%clk 1:19:27]} 9. Bxe5 {[%clk 1:21:06]} d4 {[%clk 1:19:45]} 10. d3
{[%clk 1:14:10]} Bd6 {[%clk 1:14:28]} 11. Bxd4 {[%clk 1:02:21]} Bxg3
{[%clk 1:14:52]} 12. hxg3 {[%clk 1:02:28]} Qxd4 {[%clk 1:15:17]} 13. Qd2
{[%clk 1:01:52]} Bxe2 {[%clk 1:14:53]} 14. Re1 {[%clk 0:50:47]} Bxd3
{[%clk 1:14:32]} 15. Nc3 {[%clk 0:40:04]} O-O-O {[%clk 1:13:43]} 16. Rad1
{[%clk 0:39:26]} Qc5 {[%clk 1:12:11]} 17. Na4 {[%clk 0:27:15]} Qh5
{[%clk 1:12:03]} 18. Qc3 {[%clk 0:26:41]} Bg6 {[%clk 1:10:02]} 19. Rd4
{[%clk 0:24:01]} Rxd4 {[%clk 1:08:50]} 20. Qxd4 {[%clk 0:24:21]} Qa5
{[%clk 1:09:14]} 21. Qa1 {[%clk 0:11:35]} Rd8 {[%clk 1:08:46]} 22. Rd1
{[%clk 0:10:05]} Bh5 {[%clk 1:07:50]} 23. Rxd8+ {[%clk 0:07:48]} Qxd8
{[%clk 1:08:15]} 24. Qe5 {[%clk 0:07:48]} Qd1+ {[%clk 1:04:30]} 25. Bf1
{[%clk 0:08:08]} Bg4 {[%clk 1:04:29]} 26. Nc3 {[%clk 0:06:02]} Qa1
{[%clk 1:04:41]} 27. Qd4 {[%clk 0:01:52]} Bh3 {[%clk 1:05:02]} 28. Qd1
{[%clk 0:02:05]} Qxd1 {[%clk 1:05:24]} 29. Nxd1 {[%clk 0:02:29]} Bxf1
{[%clk 1:05:49]} 30. Kxf1 {[%clk 0:02:56]} Kc7 {[%clk 1:05:56]} 31. Nc3
{[%clk 0:02:51]} Kd6 {[%clk 1:05:59]} 32. Ke2 {[%clk 0:01:41]} g5
{[%clk 1:06:22]} 33. Ke3 {[%clk 0:01:47]} h5 {[%clk 1:06:31]} 34. f4
{[%clk 0:01:52]} gxf4+ {[%clk 1:05:36]} 35. Kxf4 {[%clk 0:02:08]} Kc5
{[%clk 1:05:30]} 36. Ne2 {[%clk 0:01:54]} Kb4 {[%clk 1:05:38]} 37. Ke5
{[%clk 0:01:43]} Ne8 {[%clk 1:05:36]} 38. Kd4 {[%clk 0:00:54]} f6
{[%clk 1:05:08]} 39. Kd3 {[%clk 0:00:56]} e5 {[%clk 1:05:30]} 40. Nc3
{[%clk 0:30:43]} f5 {[%clk 1:35:54]} 41. Nb1 {[%clk 0:28:12]} Nf6
{[%clk 1:36:03]} 0-1

[Event "World Chess Olympiad 2018"]
[Site "Batumi"]
[Date "2018.09.28"]
[Round "5"]
[Board "1"]
[WhiteFideId "4402669"]
[White "Gallego Alcaraz Andres Felipe"]
[BlackFideId "32500084"]
[Black "Deng Cypriano Rehan"]
[Result "1/2-1/2"]
[LiveChessVersion "1.4.8"]
[BlackElo "2095"]
[WhiteElo "2511"]

1. d4 {[%clk 1:30:56]} Nf6 {[%clk 1:30:52]} 2. c4 {[%clk 1:31:17]} e6
{[%clk 1:31:10]} 3. Nf3 {[%clk 1:31:39]} Bb4+ {[%clk 1:29:38]} 4. Nbd2
{[%clk 1:31:43]} c5 {[%clk 1:27:13]} 5. a3 {[%clk 1:31:36]} Bxd2+
{[%clk 1:26:40]} 6. Qxd2 {[%clk 1:31:55]} cxd4 {[%clk 1:26:21]} 7. Nxd4
{[%clk 1:31:53]} O-O {[%clk 1:26:31]} 8. e3 {[%clk 1:30:54]} d5 {[%clk 1:26:22]}
9. cxd5 {[%clk 1:29:44]} Qxd5 {[%clk 1:26:22]} 10. Nb5 {[%clk 1:29:18]} Nc6
{[%clk 1:21:41]} 11. Qc2 {[%clk 1:16:20]} a6 {[%clk 1:12:36]} 12. Nc3
{[%clk 1:16:08]} Qe5 {[%clk 1:07:19]} 13. Be2 {[%clk 1:14:49]} Bd7
{[%clk 1:07:06]} 14. b4 {[%clk 1:13:51]} Rac8 {[%clk 1:06:00]} 15. Bb2
{[%clk 1:13:40]} Qb8 {[%clk 1:05:01]} 16. O-O {[%clk 1:08:31]} Ne5
{[%clk 1:05:10]} 17. Rfd1 {[%clk 1:03:58]} Nc4 {[%clk 1:03:58]} 18. Ne4
{[%clk 0:50:10]} Ba4 {[%clk 0:53:08]} 19. Qc3 {[%clk 0:42:04]} Nxb2
{[%clk 0:53:06]} 20. Nxf6+ {[%clk 0:42:26]} gxf6 {[%clk 0:53:10]} 21. Qxf6
{[%clk 0:42:13]} Bxd1 {[%clk 0:51:57]} 22. Qg5+ {[%clk 0:42:34]} Kh8
{[%clk 0:51:47]} 23. Qf6+ {[%clk 0:43:02]} Kg8 {[%clk 0:52:03]} 1/2-1/2

[Event "World Chess Olympiad 2018"]
[Site "Batumi"]
[Date "2018.09.28"]
[Round "5"]
[Board "2"]
[WhiteFideId "32500122"]
[White "Deng Khor Kuol Michael"]
[BlackFideId "4403304"]
[Black "Sanchez Sebastian Felipe"]
[Result "0-1"]
[LiveChessVersion "1.4.8"]
[BlackElo "2424"]
[WhiteElo "2000"]

1. c4 {[%clk 1:30:38]} e6 {[%clk 1:30:42]} 2. Nf3 {[%clk 1:29:04]} d5
{[%clk 1:30:44]} 3. e3 {[%clk 1:28:41]} Nf6 {[%clk 1:31:05]} 4. Be2
{[%clk 1:27:35]} c5 {[%clk 1:30:58]} 5. b3 {[%clk 1:24:57]} d4 {[%clk 1:30:01]}
6. d3 {[%clk 1:25:19]} Nc6 {[%clk 1:30:17]} 7. O-O {[%clk 1:22:40]} e5
{[%clk 1:29:11]} 8. e4 {[%clk 1:22:09]} Be7 {[%clk 1:27:56]} 9. Na3
{[%clk 1:21:11]} O-O {[%clk 1:27:46]} 10. Ne1 {[%clk 1:18:46]} Be6
{[%clk 1:23:45]} 11. f4 {[%clk 1:02:53]} exf4 {[%clk 1:24:03]} 12. Bxf4
{[%clk 1:03:05]} a6 {[%clk 1:23:23]} 13. Nac2 {[%clk 1:02:34]} b5
{[%clk 1:16:18]} 14. Qd2 {[%clk 0:59:29]} bxc4 {[%clk 1:13:12]} 15. bxc4
{[%clk 0:59:24]} Nd7 {[%clk 1:13:09]} 16. Nf3 {[%clk 0:59:11]} f6
{[%clk 1:10:55]} 17. Rab1 {[%clk 0:56:46]} Nde5 {[%clk 1:07:12]} 18. h3
{[%clk 0:51:16]} Bd6 {[%clk 1:03:25]} 19. Rb3 {[%clk 0:39:31]} Qc7
{[%clk 0:58:44]} 20. Nxe5 {[%clk 0:35:46]} Nxe5 {[%clk 0:58:29]} 21. Ne1
{[%clk 0:31:27]} Rab8 {[%clk 0:56:17]} 22. Bd1 {[%clk 0:28:35]} g5
{[%clk 0:52:07]} 23. Bxe5 {[%clk 0:24:06]} Bxe5 {[%clk 0:52:32]} 24. g4
{[%clk 0:22:52]} h5 {[%clk 0:47:58]} 25. Qg2 {[%clk 0:23:02]} Rxb3
{[%clk 0:46:54]} 26. axb3 {[%clk 0:22:26]} h4 {[%clk 0:47:14]} 27. Qa2
{[%clk 0:19:11]} Qb6 {[%clk 0:41:24]} 28. Nf3 {[%clk 0:16:59]} Bf4
{[%clk 0:38:41]} 29. Kh1 {[%clk 0:16:44]} Qd6 {[%clk 0:38:37]} 30. Qf2
{[%clk 0:15:11]} Qb8 {[%clk 0:30:36]} 31. Qa2 {[%clk 0:09:39]} Bc8
{[%clk 0:30:51]} 32. Qa5 {[%clk 0:09:17]} Be3 {[%clk 0:29:09]} 33. Qxc5
{[%clk 0:01:48]} Qg3 {[%clk 0:29:32]} 34. Qa5 {[%clk 0:00:59]} Bf4
{[%clk 0:23:04]} 35. Qd5+ {[%clk 0:00:52]} Kh8 {[%clk 0:22:45]} 36. Qxd4
{[%clk 0:00:54]} Qxh3+ {[%clk 0:22:52]} 37. Kg1 {[%clk 0:01:17]} Qg3+
{[%clk 0:23:00]} 38. Kh1 {[%clk 0:01:26]} Bxg4 {[%clk 0:23:27]} 39. Qf2
{[%clk 0:01:31]} Bxf3+ {[%clk 0:20:21]} 40. Bxf3 {[%clk 0:31:19]} Qh3+
{[%clk 0:50:49]} 41. Kg1 {[%clk 0:29:59]} g4 {[%clk 0:51:00]} 42. Bxg4
{[%clk 0:23:10]} Qxg4+ {[%clk 0:50:57]} 43. Qg2 {[%clk 0:22:18]} Qxg2+
{[%clk 0:48:50]} 44. Kxg2 {[%clk 0:22:45]} Be5 {[%clk 0:49:16]} 45. Rd1 Bd4
{[%clk 0:49:08]} 46. b4 {[%clk 0:17:34]} Rb8 {[%clk 0:48:15]} 47. b5
{[%clk 0:17:14]} axb5 {[%clk 0:47:44]} 48. cxb5 {[%clk 0:17:41]} Rxb5
{[%clk 0:48:04]} 49. Kh3 {[%clk 0:17:39]} Rh5 {[%clk 0:45:58]} 50. Rc1
{[%clk 0:16:12]} Rg5 {[%clk 0:46:24]} 51. Rc4 {[%clk 0:15:46]} Rg3+
{[%clk 0:46:49]} 52. Kxh4 {[%clk 0:14:24]} Rxd3 {[%clk 0:47:15]} 53. Kg4
{[%clk 0:14:18]} Be5 {[%clk 0:47:18]} 54. Kf5 {[%clk 0:14:22]} Kg7
{[%clk 0:47:39]} 55. Ra4 {[%clk 0:13:35]} Rf3+ {[%clk 0:48:00]} 56. Ke6
{[%clk 0:13:28]} Rf4 {[%clk 0:48:08]} 57. Kd5 {[%clk 0:13:28]} Kg6
{[%clk 0:48:25]} 58. Ra8 {[%clk 0:13:31]} Rf1 {[%clk 0:48:18]} 59. Rg8+
{[%clk 0:11:29]} Kf7 {[%clk 0:48:45]} 60. Ra8 {[%clk 0:11:12]} Rd1+
{[%clk 0:49:10]} 0-1

[Event "World Chess Olympiad 2018"]
[Site "Batumi"]
[Date "2018.09.28"]
[Round "5"]
[Board "3"]
[WhiteFideId "4404025"]
[White "Martinez Romero Martin"]
[BlackFideId "32500149"]
[Black "Deng Ateny Riak Joseph"]
[Result "1-0"]
[LiveChessVersion "1.4.8"]
[BlackElo "2014"]
[WhiteElo "2438"]

1. d4 {[%clk 1:30:52]} d5 {[%clk 1:30:50]} 2. Nf3 {[%clk 1:31:09]} Nf6
{[%clk 1:31:04]} 3. c4 {[%clk 1:31:31]} e6 {[%clk 1:31:22]} 4. Nc3
{[%clk 1:31:56]} Be7 {[%clk 1:31:22]} 5. Bf4 {[%clk 1:32:19]} c6 {[%clk 1:30:49]}
6. e3 {[%clk 1:32:26]} Nbd7 {[%clk 1:30:47]} 7. c5 {[%clk 1:32:37]} O-O
{[%clk 1:29:21]} 8. Bd3 {[%clk 1:32:38]} Re8 {[%clk 1:29:31]} 9. O-O
{[%clk 1:32:49]} Nf8 {[%clk 1:29:41]} 10. h3 {[%clk 1:32:58]} Nh5
{[%clk 1:25:34]} 11. Bh2 {[%clk 1:30:59]} f5 {[%clk 1:23:41]} 12. Ne5
{[%clk 1:30:59]} Nf6 {[%clk 1:23:02]} 13. f3 {[%clk 1:31:24]} N6d7
{[%clk 1:18:32]} 14. e4 {[%clk 1:26:34]} Nxe5 {[%clk 1:18:26]} 15. Bxe5
{[%clk 1:25:22]} Ng6 {[%clk 1:18:33]} 16. Bg3 {[%clk 1:16:12]} dxe4
{[%clk 1:18:07]} 17. fxe4 {[%clk 1:16:35]} Qxd4+ {[%clk 1:17:26]} 18. Bf2
{[%clk 1:17:01]} Qf6 {[%clk 1:15:19]} 19. exf5 {[%clk 1:15:51]} exf5
{[%clk 1:15:28]} 20. Re1 {[%clk 1:11:36]} Be6 {[%clk 1:12:02]} 21. Qa4
{[%clk 1:11:00]} Bf7 {[%clk 1:09:44]} 22. Rad1 {[%clk 1:10:27]} b6
{[%clk 1:00:04]} 23. cxb6 {[%clk 1:06:05]} axb6 {[%clk 1:00:00]} 24. Qc2
{[%clk 1:06:20]} Nh4 {[%clk 0:49:52]} 25. Bxb6 {[%clk 1:04:13]} c5
{[%clk 0:47:45]} 26. Bc7 {[%clk 1:03:27]} c4 {[%clk 0:47:19]} 27. Bf1
{[%clk 1:03:03]} Bc5+ {[%clk 0:44:52]} 28. Kh1 {[%clk 1:02:18]} Rxe1
{[%clk 0:44:30]} 29. Rxe1 {[%clk 1:02:44]} Qd4 {[%clk 0:43:31]} 30. Bh2
{[%clk 1:02:09]} Rf8 {[%clk 0:36:47]} 31. Rd1 {[%clk 1:00:03]} Qf2
{[%clk 0:31:48]} 32. Qxf2 {[%clk 0:59:54]} Bxf2 {[%clk 0:32:17]} 33. a4
{[%clk 0:58:58]} g5 {[%clk 0:31:16]} 34. Bd6 {[%clk 0:58:50]} Ra8
{[%clk 0:30:23]} 35. g3 {[%clk 0:59:10]} Ng6 {[%clk 0:30:17]} 36. Bg2
{[%clk 0:59:29]} Ra6 {[%clk 0:30:01]} 37. Bf3 {[%clk 0:51:34]} Rb6
{[%clk 0:27:18]} 38. Nb5 {[%clk 0:49:18]} Ra6 {[%clk 0:26:47]} 39. Kg2
{[%clk 0:45:32]} Be3 {[%clk 0:26:39]} 40. Bb4 {[%clk 1:15:38]} Rxa4
{[%clk 0:42:47]} 41. Rd8+ {[%clk 1:15:45]} Kg7 {[%clk 0:43:02]} 42. Bc3+
{[%clk 1:16:11]} Kh6 {[%clk 0:43:06]} 43. Nd6 {[%clk 1:16:03]} Be6
{[%clk 0:42:13]} 44. Re8 {[%clk 1:16:05]} g4 {[%clk 0:41:54]} 45. Rxe6
{[%clk 1:16:03]} gxf3+ {[%clk 0:41:41]} 46. Kxf3 {[%clk 1:16:28]} f4
{[%clk 0:34:16]} 47. Nf5+ {[%clk 1:16:25]} Kg5 {[%clk 0:33:42]} 48. h4+
{[%clk 1:16:36]} 1-0

[Event "World Chess Olympiad 2018"]
[Site "Batumi"]
[Date "2018.09.28"]
[Round "5"]
[Board "1"]
[WhiteFideId "2300117"]
[White "Steingrimsson Hedinn"]
[BlackFideId "13202340"]
[Black "Lee Jun Hyeok"]
[Result "1/2-1/2"]
[LiveChessVersion "1.4.8"]
[BlackElo "2263"]
[WhiteElo "2573"]

1. d4 {[%clk 1:30:59]} Nf6 {[%clk 1:30:41]} 2. c4 {[%clk 1:31:26]} e6
{[%clk 1:31:04]} 3. Nf3 {[%clk 1:31:22]} d5 {[%clk 1:31:05]} 4. g3
{[%clk 1:31:02]} Be7 {[%clk 1:30:57]} 5. Bg2 {[%clk 1:31:28]} O-O
{[%clk 1:31:21]} 6. O-O {[%clk 1:31:52]} dxc4 {[%clk 1:30:56]} 7. Qc2
{[%clk 1:32:18]} a6 {[%clk 1:31:14]} 8. a4 {[%clk 1:32:38]} Bd7 {[%clk 1:31:35]}
9. Qxc4 {[%clk 1:32:48]} Bc6 {[%clk 1:32:01]} 10. Bf4 {[%clk 1:32:59]} Bd6
{[%clk 1:31:59]} 11. Qc1 {[%clk 1:21:25]} a5 {[%clk 1:28:18]} 12. Nc3
{[%clk 1:17:51]} Na6 {[%clk 1:27:34]} 13. Rd1 {[%clk 1:12:52]} Nb4
{[%clk 1:24:55]} 14. Be5 {[%clk 0:58:46]} Bxf3 {[%clk 1:07:08]} 15. Bxf3
{[%clk 0:58:37]} c6 {[%clk 1:07:32]} 16. Rd2 {[%clk 0:47:47]} Qe7
{[%clk 1:06:27]} 17. Bxd6 {[%clk 0:45:49]} Qxd6 {[%clk 1:06:55]} 18. Qe1
{[%clk 0:46:11]} e5 {[%clk 1:01:40]} 19. Rad1 {[%clk 0:46:07]} Rfe8
{[%clk 0:52:07]} 20. e4 {[%clk 0:46:19]} h5 {[%clk 0:42:48]} 21. Qe3
{[%clk 0:43:31]} exd4 {[%clk 0:37:10]} 22. Rxd4 {[%clk 0:43:20]} Qe5
{[%clk 0:37:10]} 23. Qd2 {[%clk 0:35:36]} Nh7 {[%clk 0:32:18]} 24. Bg2
{[%clk 0:28:29]} Nf8 {[%clk 0:30:40]} 25. f4 {[%clk 0:25:46]} Qc5
{[%clk 0:31:00]} 26. Qf2 {[%clk 0:26:01]} Ne6 {[%clk 0:28:03]} 27. Rd7
{[%clk 0:26:10]} Qxf2+ {[%clk 0:21:47]} 28. Kxf2 {[%clk 0:26:38]} Nc5
{[%clk 0:22:12]} 29. R7d6 {[%clk 0:25:51]} Re6 {[%clk 0:19:43]} 30. Rd8+
{[%clk 0:16:09]} Re8 {[%clk 0:19:59]} 31. Rxa8 {[%clk 0:16:16]} Rxa8
{[%clk 0:20:28]} 32. Bf1 {[%clk 0:16:38]} Kf8 {[%clk 0:19:24]} 33. e5
{[%clk 0:15:27]} Ke7 {[%clk 0:18:31]} 34. Be2 {[%clk 0:14:11]} g6
{[%clk 0:12:46]} 35. Bc4 {[%clk 0:14:25]} f6 {[%clk 0:12:03]} 36. Rd6
{[%clk 0:11:00]} Rf8 {[%clk 0:11:35]} 37. Ke3 {[%clk 0:09:56]} Nc2+
{[%clk 0:09:28]} 38. Kd2 {[%clk 0:06:48]} Nb4 {[%clk 0:09:00]} 39. Ke2
{[%clk 0:04:12]} fxe5 {[%clk 0:01:04]} 40. fxe5 {[%clk 0:34:30]} Rf5
{[%clk 0:30:57]} 41. Rxg6 {[%clk 0:32:43]} Rxe5+ {[%clk 0:29:29]} 42. Kd1
{[%clk 0:21:52]} Nd5 {[%clk 0:25:26]} 43. Nxd5+ {[%clk 0:19:14]} cxd5
{[%clk 0:25:51]} 44. Bb5 {[%clk 0:16:57]} d4 {[%clk 0:25:15]} 45. Rg8
{[%clk 0:12:41]} Rf5 {[%clk 0:17:18]} 46. Ke1 {[%clk 0:09:26]} 1/2-1/2

[Event "World Chess Olympiad 2018"]
[Site "Batumi"]
[Date "2018.09.28"]
[Round "5"]
[Board "2"]
[WhiteFideId "13203088"]
[White "Kwon Sehyun"]
[BlackFideId "2300044"]
[Black "Hjartarson Johann"]
[Result "1-0"]
[LiveChessVersion "1.4.8"]
[BlackElo "2530"]
[WhiteElo "2129"]

1. e4 {[%clk 1:30:54]} c5 {[%clk 1:30:45]} 2. Nf3 {[%clk 1:31:16]} e6
{[%clk 1:31:07]} 3. g3 {[%clk 1:31:36]} Nc6 {[%clk 1:29:15]} 4. Bg2
{[%clk 1:31:59]} Nf6 {[%clk 1:29:12]} 5. Qe2 {[%clk 1:32:23]} d5 {[%clk 1:25:11]}
6. exd5 {[%clk 1:32:21]} Nxd5 {[%clk 1:25:32]} 7. O-O {[%clk 1:32:26]} Be7
{[%clk 1:25:48]} 8. Rd1 {[%clk 1:32:16]} Bf6 {[%clk 1:13:17]} 9. Nc3
{[%clk 1:31:41]} Nxc3 {[%clk 1:00:45]} 10. dxc3 {[%clk 1:11:36]} Qb6
{[%clk 0:52:43]} 11. g4 {[%clk 1:03:54]} O-O {[%clk 0:48:48]} 12. g5
{[%clk 0:57:28]} Be7 {[%clk 0:49:07]} 13. h4 {[%clk 0:50:13]} Qc7
{[%clk 0:44:21]} 14. Qe4 {[%clk 0:46:05]} e5 {[%clk 0:39:59]} 15. Re1
{[%clk 0:42:06]} f6 {[%clk 0:34:12]} 16. gxf6 {[%clk 0:27:12]} gxf6
{[%clk 0:34:18]} 17. Bh6 {[%clk 0:24:40]} Rf7 {[%clk 0:34:16]} 18. Bf1
{[%clk 0:22:36]} Be6 {[%clk 0:32:50]} 19. Bc4 {[%clk 0:21:43]} Bxc4
{[%clk 0:27:44]} 20. Qxc4 {[%clk 0:21:44]} Bf8 {[%clk 0:27:58]} 21. Be3
{[%clk 0:18:52]} Kh8 {[%clk 0:26:11]} 22. Kh1 {[%clk 0:18:22]} Re8
{[%clk 0:25:00]} 23. Bxc5 {[%clk 0:14:23]} Na5 {[%clk 0:24:21]} 24. Qb5
{[%clk 0:14:27]} Nc6 {[%clk 0:20:13]} 25. Bxf8 {[%clk 0:11:35]} Rfxf8
{[%clk 0:20:24]} 26. Qc4 {[%clk 0:09:42]} Qb6 {[%clk 0:18:54]} 27. Qe2
{[%clk 0:05:58]} Qxb2 {[%clk 0:18:06]} 28. Rab1 {[%clk 0:05:33]} Qxa2
{[%clk 0:15:44]} 29. Rxb7 {[%clk 0:05:21]} Rb8 {[%clk 0:14:36]} 30. Rc7
{[%clk 0:02:57]} Rbc8 {[%clk 0:13:53]} 31. Rb7 {[%clk 0:02:07]} Nd8
{[%clk 0:07:28]} 32. Rb3 {[%clk 0:01:31]} Qa4 {[%clk 0:06:29]} 33. Rg1
{[%clk 0:01:07]} Ne6 {[%clk 0:05:43]} 34. Kh2 {[%clk 0:00:33]} Qf4+
{[%clk 0:04:19]} 35. Rg3 {[%clk 0:00:57]} Rc7 {[%clk 0:03:31]} 36. Rb4
{[%clk 0:00:57]} Qf5 {[%clk 0:03:46]} 37. Qd2 {[%clk 0:00:34]} Rd8
{[%clk 0:01:58]} 38. Qe3 {[%clk 0:00:49]} Nf4 {[%clk 0:01:58]} 39. Rb5
{[%clk 0:00:34]} Ng6 {[%clk 0:01:30]} 40. Ra5 {[%clk 0:30:33]} Rdd7
{[%clk 0:30:45]} 41. Rb5 {[%clk 0:23:52]} Rc8 {[%clk 0:28:08]} 42. Ra5
{[%clk 0:21:14]} Qf4 {[%clk 0:23:40]} 43. Ra6 {[%clk 0:18:57]} Rf7
{[%clk 0:13:02]} 44. h5 {[%clk 0:13:39]} Qxe3 {[%clk 0:13:19]} 45. fxe3
{[%clk 0:14:01]} Nf8 {[%clk 0:13:44]} 46. Ra3 {[%clk 0:09:04]} Ne6
{[%clk 0:13:54]} 47. Rg2 {[%clk 0:07:23]} Ng7 {[%clk 0:13:17]} 48. Rf2
{[%clk 0:06:30]} Kg8 {[%clk 0:11:51]} 49. Nh4 {[%clk 0:05:31]} Nxh5
{[%clk 0:11:44]} 50. Nf5 {[%clk 0:05:46]} Rd7 {[%clk 0:11:55]} 51. Ra4
{[%clk 0:03:16]} Rxc3 {[%clk 0:10:45]} 52. Rh4 {[%clk 0:03:28]} Ng7
{[%clk 0:10:44]} 53. Nh6+ {[%clk 0:03:25]} Kf8 {[%clk 0:10:39]} 54. Ng4
{[%clk 0:03:13]} Ne8 {[%clk 0:09:05]} 55. Nxe5 {[%clk 0:01:09]} Rdc7
{[%clk 0:09:12]} 56. Rf3 {[%clk 0:00:44]} Rxc2+ {[%clk 0:09:24]} 57. Kh3
{[%clk 0:01:11]} R2c5 {[%clk 0:08:10]} 58. Nd3 {[%clk 0:01:19]} Rb5
{[%clk 0:07:41]} 59. Nf4 {[%clk 0:01:14]} Rc1 {[%clk 0:07:21]} 60. Rg4
{[%clk 0:00:47]} Kf7 {[%clk 0:07:20]} 61. Nd3 {[%clk 0:00:48]} Rh5+
{[%clk 0:07:03]} 62. Kg2 {[%clk 0:01:06]} Rc2+ {[%clk 0:07:22]} 63. Kg3
{[%clk 0:01:16]} Nd6 {[%clk 0:06:53]} 64. e4 {[%clk 0:01:18]} Re2
{[%clk 0:04:52]} 65. Nf2 {[%clk 0:00:37]} Nc4 {[%clk 0:04:19]} 66. Rgf4
{[%clk 0:00:52]} Rg5+ {[%clk 0:03:28]} 67. Kh4 {[%clk 0:00:41]} Rg6
{[%clk 0:03:40]} 68. Ng4 {[%clk 0:00:59]} Rxg4+ {[%clk 0:03:40]} 69. Rxg4
{[%clk 0:01:17]} Ne5 {[%clk 0:03:58]} 70. Rh3 {[%clk 0:00:46]} Nxg4
{[%clk 0:04:08]} 71. Kxg4 {[%clk 0:01:13]} Rxe4+ {[%clk 0:03:07]} 72. Kf3
{[%clk 0:01:39]} Re7 {[%clk 0:03:28]} 73. Rxh7+ {[%clk 0:02:03]} Ke6
{[%clk 0:03:52]} 74. Rh5 {[%clk 0:02:10]} Kd6 {[%clk 0:03:56]} 75. Ra5
{[%clk 0:02:19]} Rf7 {[%clk 0:04:12]} 76. Rb5 {[%clk 0:01:04]} f5
{[%clk 0:04:14]} 77. Kf4 {[%clk 0:01:27]} Kc6 {[%clk 0:04:36]} 78. Rb2
{[%clk 0:00:32]} a5 {[%clk 0:04:54]} 1-0

[Event "World Chess Olympiad 2018"]
[Site "Batumi"]
[Date "2018.09.28"]
[Round "5"]
[Board "3"]
[WhiteFideId "2300699"]
[White "Gretarsson Helgi Ass"]
[BlackFideId "410969"]
[Black "Walker Martin G"]
[Result "0-1"]
[LiveChessVersion "1.4.8"]
[BlackElo "2078"]
[WhiteElo "2448"]

1. c4 {[%clk 1:30:52]} Nf6 {[%clk 1:30:48]} 2. Nc3 {[%clk 1:30:57]} c5
{[%clk 1:30:54]} 3. Nf3 {[%clk 1:29:00]} d5 {[%clk 1:31:06]} 4. cxd5
{[%clk 1:28:32]} Nxd5 {[%clk 1:31:31]} 5. e4 {[%clk 1:25:49]} Nb4
{[%clk 1:27:40]} 6. Bc4 {[%clk 1:25:58]} Nd3+ {[%clk 1:28:03]} 7. Ke2
{[%clk 1:26:21]} Nf4+ {[%clk 1:28:28]} 8. Kf1 {[%clk 1:26:48]} Nc6
{[%clk 1:28:33]} 9. d3 {[%clk 1:17:56]} Ng6 {[%clk 1:28:44]} 10. Be3
{[%clk 1:04:02]} e6 {[%clk 1:29:06]} 11. h4 {[%clk 0:57:13]} Be7 {[%clk 1:26:26]}
12. h5 {[%clk 0:53:11]} Nge5 {[%clk 1:10:57]} 13. Nxe5 {[%clk 0:52:23]} Nxe5
{[%clk 1:08:55]} 14. f4 {[%clk 0:52:40]} Nxc4 {[%clk 0:58:31]} 15. dxc4
{[%clk 0:53:05]} Bd7 {[%clk 0:58:49]} 16. Kf2 {[%clk 0:44:44]} Qc7
{[%clk 0:53:26]} 17. Qg4 {[%clk 0:36:19]} Rg8 {[%clk 0:51:25]} 18. Rac1
{[%clk 0:35:59]} O-O-O {[%clk 0:50:05]} 19. a3 {[%clk 0:29:57]} Kb8
{[%clk 0:46:19]} 20. Qe2 {[%clk 0:26:27]} Bc6 {[%clk 0:38:33]} 21. b4
{[%clk 0:25:15]} Rd4 {[%clk 0:33:44]} 22. e5 {[%clk 0:20:30]} g5 {[%clk 0:23:09]}
23. Bxd4 {[%clk 0:12:03]} cxd4 {[%clk 0:22:44]} 24. Nd5 {[%clk 0:11:59]} exd5
{[%clk 0:19:53]} 25. cxd5 {[%clk 0:12:17]} d3 {[%clk 0:20:07]} 26. Qe4
{[%clk 0:02:43]} Qb6+ {[%clk 0:20:29]} 27. Kf3 {[%clk 0:02:39]} gxf4
{[%clk 0:19:50]} 28. Rc5 {[%clk 0:02:25]} Bxc5 {[%clk 0:19:45]} 29. bxc5
{[%clk 0:02:42]} Qxc5 {[%clk 0:20:10]} 0-1